[Event "XXIII Festival A"]
[Site "Porto San Giorgio ITA"]
[Date "2011.08.24"]
[Round "5"]
[White "Albertini, Luca"]
[Black "Molina, Fabrizio"]
[Result "0-1"]
[WhiteElo "1986"]
[BlackElo "2256"]
[PlyCount "138"]
[EventDate "2011.08.21"]

1. d4 d6 2. c4 e5 3. e3 Be7 4. Nc3 c6 5. Nf3 Qc7 6. Qc2 f5 7. dxe5 dxe5 8. e4
f4 9. b3 Be6 10. Bb2 Nd7 11. O-O-O Nh6 12. Ne1 O-O-O 13. Be2 g5 14. h3 Rhg8 15.
g4 fxg3 16. fxg3 Bc5 17. Nd3 Bd4 18. Rdf1 Rdf8 19. Nd1 Qd6 20. Bc3 Nf6 21. N1f2
c5 22. g4 Nf7 23. Ne1 Nd8 24. Nd1 Nc6 25. Bd2 h6 26. Qd3 Qe7 27. Qc2 Rf7 28.
Kb1 Rgf8 29. Qd3 b6 30. Rf3 Kc7 31. Rhf1 Ne8 32. Rxf7 Rxf7 33. Rxf7 Qxf7 34.
Qf3 Nd6 35. Ng2 Qxf3 36. Bxf3 Bf7 37. Nge3 Bxe3 38. Nxe3 Nd4 39. Bg2 Kd7 40.
Nf5 Bg6 41. Kb2 Ne6 42. Kc3 Nf4 43. Bxf4 exf4 44. Nxh6 Bxe4 45. Bxe4 Nxe4+ 46.
Kd3 Nd6 47. Ke2 Ke6 48. Kf3 Ke5 49. Ng8 Nc8 50. Nh6 Nd6 51. Ng8 Ke6 52. Nh6 Kf6
53. h4 gxh4 54. Kxf4 Kg6 55. g5 h3 56. Ng4 Nf7 57. Nf2 Nxg5 58. Nxh3 Nxh3+ 59.
Ke5 Nf2 60. Kd5 Kf5 61. a3 Nd3 62. Kc6 Ke6 63. Kb7 Kd7 64. Kxa7 Kc7 65. Ka8 Ne1
66. b4 cxb4 67. axb4 Kc6 68. Ka7 Nd3 69. c5 b5 0-1

[Event "XXIII Festival A"]
[Site "Porto San Giorgio ITA"]
[Date "2011.08.24"]
[Round "5"]
[White "Almadori, Giovanni"]
[Black "Paniga, Danilo"]
[Result "0-1"]
[WhiteElo "1660"]
[BlackElo "1858"]
[PlyCount "36"]
[EventDate "2011.08.21"]

1. Nf3 f5 2. b3 g6 3. Bb2 Nf6 4. c4 Bg7 5. Nc3 O-O 6. Qc2 d6 7. e4 e5 8. exf5
gxf5 9. O-O-O Nc6 10. a3 e4 11. Ng5 Ng4 12. Nh3 Nd4 13. Qb1 Nxb3+ 14. Kc2 Nd4+
15. Kc1 Be6 16. Ba1 d5 17. Re1 dxc4 18. f3 Nb3+ 0-1

[Event "XXIII Festival A"]
[Site "Porto San Giorgio ITA"]
[Date "2011.08.24"]
[Round "5"]
[White "Antonelli, Alessandro"]
[Black "Plances, Giuseppe"]
[Result "1/2-1/2"]
[WhiteElo "1971"]
[BlackElo "1734"]
[PlyCount "35"]
[EventDate "2011.08.21"]

1. d4 Nf6 2. c4 e6 3. Nf3 d5 4. Nc3 Be7 5. Bg5 O-O 6. e3 b6 7. cxd5 exd5 8. Bd3
Bb7 9. O-O Ne4 10. Bxe7 Qxe7 11. Rc1 Nd7 12. Qb3 c6 13. Qc2 f5 14. Ne2 Kh8 15.
a3 g5 16. b4 a6 17. Qb2 Rae8 18. a4 1/2-1/2

[Event "XXIII Festival A"]
[Site "Porto San Giorgio ITA"]
[Date "2011.08.24"]
[Round "5"]
[White "Arnetta, Maria Teresa"]
[Black "Zinnai, Graziano Matteo"]
[Result "1/2-1/2"]
[WhiteElo "2069"]
[BlackElo "1882"]
[PlyCount "184"]
[EventDate "2011.08.21"]

1. f4 d5 2. Nf3 c5 3. e3 Nc6 4. Be2 Bf5 5. d3 Nf6 6. O-O e6 7. a4 Be7 8. Nh4
Bg6 9. Nc3 a6 10. Bf3 Bh5 11. Bxh5 Nxh5 12. f5 Nf6 13. fxe6 fxe6 14. Nf3 O-O
15. Qe2 Nd7 16. Bd2 Rb8 17. Be1 Bd6 18. Bh4 Qe8 19. Ng5 Nf6 20. Rae1 h6 21. Nh3
Qg6 22. Nf4 Qg4 23. Qxg4 Nxg4 24. Bg3 d4 25. exd4 cxd4 26. Ne4 Bxf4 27. Bxf4 e5
28. Bd2 h5 29. h3 Nf6 30. Nc5 a5 31. Bg5 Rf7 32. Rf2 Nd5 33. Rxf7 Kxf7 34. Rf1+
Kg8 35. Bd2 b6 36. Ne6 Re8 37. Ng5 Ncb4 38. Rc1 Rc8 39. Re1 Rxc2 40. Rxe5 g6
41. Nf3 Rxb2 42. Bh6 Kh7 43. Bf8 Nf4 44. Ng5+ Kg8 45. Bh6 Re2 46. Ne4 Nbxd3 47.
Nf6+ Kf7 48. Rxe2 Kxf6 49. Re4 Nd5 50. Re2 Nc5 51. Ra2 Nb4 52. Rd2 d3 53. Bf8
Ke5 54. Kf1 Ke4 55. Kf2 Nxa4 56. g4 hxg4 57. hxg4 Nc5 58. Rd1 a4 59. Rb1 Nd5
60. Ra1 Nc3 61. Bg7 Nb5 62. Rb1 Nb3 63. Re1+ Kd5 64. Ke3 d2 65. Rd1 Kc4 66. Rf1
a3 67. Rf4+ Kd5 68. Ke2 a2 69. Ra4 N5d4+ 70. Bxd4 Nxd4+ 71. Kd1 Nb3 72. Rxa2 b5
73. Kc2 Kc4 74. Ra8 b4 75. Rc8+ Kd4 76. g5 Nc5 77. Rd8+ Ke5 78. Rxd2 Ne4 79.
Rg2 Kf5 80. Kb3 Nxg5 81. Kxb4 Ne4 82. Kc4 g5 83. Kd4 Kf4 84. Re2 Ng3 85. Rf2+
Kg4 86. Ke5 Kh3 87. Ra2 g4 88. Ra8 Ne2 89. Ke4 Kg2 90. Rg8 g3 91. Ke3 Ng1 92.
Rg7 Nh3 1/2-1/2

[Event "XXIII Festival A"]
[Site "Porto San Giorgio ITA"]
[Date "2011.08.24"]
[Round "5"]
[White "Banusz, Tamas"]
[Black "Prohaszka, Peter"]
[Result "1/2-1/2"]
[WhiteElo "2554"]
[BlackElo "2547"]
[PlyCount "68"]
[EventDate "2011.08.21"]

1. d4 d5 2. c4 c6 3. Nf3 Nf6 4. Nc3 e6 5. Bg5 h6 6. Bh4 dxc4 7. e4 g5 8. Bg3 b5
9. Be2 Bb7 10. O-O Nbd7 11. Ne5 Bg7 12. Nxd7 Nxd7 13. Bd6 a6 14. a4 e5 15. Bg4
exd4 16. e5 c5 17. Re1 Nxe5 18. Bxe5 O-O 19. Bxg7 Kxg7 20. Ne2 f5 21. Bh5 f4
22. b4 d3 23. bxc5 b4 24. Nd4 Qxd4 25. Re7+ Kh8 26. Rxb7 Rab8 27. Re7 b3 28.
Qe1 b2 29. Rb1 d2 30. Qe6 Qf6 31. Qe4 Qf5 32. Qd4+ Qf6 33. Qe4 Qf5 34. Qd4+ Qf6
1/2-1/2

[Event "XXIII Festival A"]
[Site "Porto San Giorgio ITA"]
[Date "2011.08.24"]
[Round "5"]
[White "Barlocco, Carlo"]
[Black "Fierro Baquero, Martha Lorena"]
[Result "0-1"]
[WhiteElo "2135"]
[BlackElo "2381"]
[PlyCount "96"]
[EventDate "2011.08.21"]

1. d4 g6 2. Nf3 Bg7 3. c3 c5 4. dxc5 Na6 5. Be3 Qc7 6. Nbd2 Nxc5 7. Bxc5 Qxc5
8. e4 Nf6 9. g3 b6 10. Bg2 Ba6 11. Bf1 Bxf1 12. Rxf1 O-O 13. Qa4 d6 14. O-O-O
b5 15. Qd4 Qc6 16. Kb1 Rfc8 17. Qd3 Qb6 18. Nd4 b4 19. cxb4 Qxb4 20. Nc2 Qb7
21. Qb3 Qd7 22. e5 Rab8 23. Qd3 Ng4 24. f4 Qb7 25. b3 dxe5 26. f5 Nf6 27. fxg6
hxg6 28. Rfe1 Rd8 29. Qc4 e4 30. Ne3 Rd6 31. Qe2 a5 32. Nec4 Rd5 33. Nb2 Rbd8
34. Ndc4 Qb4 35. Kc2 e6 36. Qe3 Ng4 37. Qe2 Qc3+ 38. Kb1 f5 39. h3 Rxd1+ 40.
Rxd1 Rxd1+ 41. Qxd1 Nf6 42. Qd8+ Kh7 43. Qxa5 Qxg3 44. a4 Nd5 45. Qd2 Qxb3 46.
a5 Bh6 47. Qc2 Nc3+ 48. Ka1 Qa2# 0-1

[Event "XXIII Festival A"]
[Site "Porto San Giorgio ITA"]
[Date "2011.08.24"]
[Round "5"]
[White "Barnabei, Stefano"]
[Black "De Felice, Michele"]
[Result "1/2-1/2"]
[WhiteElo "1759"]
[BlackElo "1870"]
[PlyCount "67"]
[EventDate "2011.08.21"]

1. e4 d5 2. exd5 Qxd5 3. Nc3 Qa5 4. d4 Nf6 5. Nf3 c6 6. Bf4 Bg4 7. Be2 e6 8. a3
Nd5 9. Bd2 Qc7 10. Nxd5 exd5 11. h3 Bf5 12. Be3 Bd6 13. Bd3 Bxd3 14. Qxd3 Nd7
15. c3 h6 16. a4 Nf6 17. Nd2 a5 18. O-O O-O 19. Qf5 Qd7 20. Qf3 Nh7 21. Bf4
Rae8 22. Bxd6 Qxd6 23. Rae1 Qg6 24. Qd1 Ng5 25. Kh1 f5 26. Qb3 f4 27. Rxe8 Qxe8
28. Qd1 Qe6 29. Re1 Ne4 30. Kg1 Qg6 31. Nf3 Qf6 32. Ne5 Qh4 33. Qe2 Qg5 34. Nf3
1/2-1/2

[Event "XXIII Festival A"]
[Site "Porto San Giorgio ITA"]
[Date "2011.08.24"]
[Round "5"]
[White "Bellincampi, Stefano"]
[Black "Guglielmi, Dante"]
[Result "1-0"]
[WhiteElo "2067"]
[BlackElo "1878"]
[PlyCount "81"]
[EventDate "2011.08.21"]

1. e4 c5 2. c3 d5 3. exd5 Qxd5 4. d4 e6 5. Nf3 Nf6 6. Na3 Be7 7. Nb5 Qd8 8.
dxc5 Qxd1+ 9. Kxd1 Na6 10. Be3 O-O 11. b4 Ne4 12. Bd3 Rd8 13. Ke2 Nf6 14. a3
Bd7 15. c4 Bc6 16. Nbd4 Be4 17. Rhd1 Rac8 18. Nb5 Bxd3+ 19. Rxd3 Rxd3 20. Kxd3
Ng4 21. Rb1 Nxe3 22. Kxe3 Ra8 23. Rd1 Nxc5 24. Nd6 Bxd6 25. Rxd6 Na4 26. c5 Nc3
27. Rd7 Rb8 28. Ne5 f6 29. Nc4 Nb5 30. Kd3 e5 31. f4 Nd4 32. fxe5 fxe5 33. Nxe5
Ne6 34. Kc4 Nf4 35. g3 Nh5 36. b5 Nf6 37. Rc7 Ne8 38. Re7 Kf8 39. Rf7+ Kg8 40.
a4 Kh8 41. Rf8# 1-0

[Event "XXIII Festival A"]
[Site "Porto San Giorgio ITA"]
[Date "2011.08.24"]
[Round "5"]
[White "Bighiu, Gheorghe"]
[Black "Somma, Andrea"]
[Result "1-0"]
[WhiteElo "2062"]
[BlackElo "1851"]
[PlyCount "98"]
[EventDate "2011.08.21"]

1. e4 d5 2. exd5 Qxd5 3. d4 Nf6 4. Nf3 c6 5. c4 Qa5+ 6. Bd2 Qc7 7. Bd3 Bg4 8.
O-O e6 9. Re1 Bd6 10. h3 Bh5 11. d5 cxd5 12. cxd5 Nxd5 13. Nc3 O-O 14. Bxh7+
Kh8 15. Be4 Nf6 16. Nb5 Bh2+ 17. Nxh2 Qd7 18. g4 Nxe4 19. Rxe4 Bg6 20. Rb4 a5
21. Rb3 a4 22. Rb4 Na6 23. Na3 Nxb4 24. Bxb4 Qxd1+ 25. Rxd1 Rfd8 26. Rxd8+ Rxd8
27. Nb5 Rd1+ 28. Kg2 f5 29. Nc3 Rd4 30. a3 fxg4 31. hxg4 Bc2 32. Nb5 Rd7 33.
Nd6 g6 34. f4 Kh7 35. Nf3 Bb3 36. Ng5+ Kg8 37. Nf3 Rc7 38. Bc3 Rd7 39. Bd4 Rc7
40. Bc3 Rd7 41. Ne4 Rc7 42. Kg3 Kf7 43. Ne5+ Kg8 44. Nxg6 Bc2 45. Kf3 Rc4 46.
Nf6+ Kg7 47. Nd7+ Kh6 48. Nde5 Be4+ 49. Ke3 Bc2 1-0

[Event "XXIII Festival A"]
[Site "Porto San Giorgio ITA"]
[Date "2011.08.24"]
[Round "5"]
[White "Bisi, Samuele"]
[Black "Borgiani, Flavio"]
[Result "0-1"]
[WhiteElo "1977"]
[BlackElo "2156"]
[PlyCount "60"]
[EventDate "2011.08.21"]

1. d4 b5 2. e4 Bb7 3. f3 a6 4. c4 bxc4 5. Bxc4 e6 6. Be3 c5 7. dxc5 Nc6 8. Nc3
f5 9. Nge2 Nf6 10. exf5 exf5 11. O-O Qa5 12. Nd4 Bxc5 13. Re1 O-O-O 14. Nxf5 d5
15. Bxd5 g6 16. Be6+ Kb8 17. Qc2 gxf5 18. Qxf5 Bxe3+ 19. Rxe3 Qb6 20. Rae1 Rhf8
21. Qb1 Rd2 22. Bb3 Nd4 23. Na4 Qd6 24. Bd1 Rg8 25. Be2 Bxf3 26. Rxf3 Nxe2+ 27.
Kh1 Nd4 28. Rxf6 Qxf6 29. Qxh7 Rdxg2 30. Nc5 Rg1+ 0-1

[Event "XXIII Festival A"]
[Site "Porto San Giorgio ITA"]
[Date "2011.08.24"]
[Round "5"]
[White "Bolog, Iacint"]
[Black "Reif, Werner"]
[Result "1/2-1/2"]
[WhiteElo "1959"]
[BlackElo "1848"]
[PlyCount "102"]
[EventDate "2011.08.21"]

1. e4 c6 2. d4 d5 3. e5 c5 4. c3 Nc6 5. Be3 cxd4 6. cxd4 e6 7. a3 Nge7 8. Bd3
Ng6 9. Ne2 Be7 10. Qd2 Bd7 11. Nbc3 Na5 12. Nc1 Nc4 13. Qe2 Nxe3 14. fxe3 a6
15. O-O b5 16. N1a2 Qb6 17. b4 Rc8 18. Rab1 O-O 19. g3 f5 20. exf6 Rxf6 21.
Rxf6 Bxf6 22. Bxg6 hxg6 23. Qg4 Rd8 24. Rd1 Be8 25. Nc1 Bf7 26. Nd3 e5 27. Nc5
exd4 28. exd4 Re8 29. Kf2 a5 30. Qd7 axb4 31. axb4 Rd8 32. Qxb5 Qxb5 33. Nxb5
Rb8 34. Nd6 Rxb4 35. Ke3 Rb2 36. Nxf7 Kxf7 37. h4 Rg2 38. Kf3 Rc2 39. Ke3 Rg2
40. Kf3 Rc2 41. Ke3 Rg2 42. Kf4 Rf2+ 43. Kg4 Rc2 44. Nd3 Rc4 45. Nf4 Rxd4 46.
Rxd4 Bxd4 47. Nxd5 Bf2 48. Kf3 Be1 49. Kg2 Ke6 50. Nf4+ Kf5 51. Kf3 Bxg3
1/2-1/2

[Event "XXIII Festival A"]
[Site "Porto San Giorgio ITA"]
[Date "2011.08.24"]
[Round "5"]
[White "Briffault, Philippe"]
[Black "Carletti, Davide M."]
[Result "1/2-1/2"]
[WhiteElo "1955"]
[BlackElo "1726"]
[PlyCount "67"]
[EventDate "2011.08.21"]

1. d4 d5 2. Nf3 c6 3. c4 e6 4. Nc3 Nd7 5. e3 Ngf6 6. Bd3 g6 7. O-O Bg7 8. e4
dxe4 9. Nxe4 Nxe4 10. Bxe4 O-O 11. Bg5 Nf6 12. Re1 Qb6 13. Qd2 Rd8 14. Rad1 c5
15. dxc5 Rxd2 16. cxb6 Rxd1 17. Rxd1 h6 18. Rd8+ Kh7 19. Bxf6 Bxf6 20. Re8 axb6
21. h4 Kg7 22. b3 Rb8 23. Kf1 Ra8 24. a4 Bc3 25. Ke2 f5 26. Bc2 Bf6 27. g3 Kf7
28. Rxc8 Rxc8 29. Ne1 e5 30. Nd3 Ke6 31. Nb4 e4 32. Nd5 Bd4 33. Nf4+ Kf6 34.
Nd5+ 1/2-1/2

[Event "XXIII Festival A"]
[Site "Porto San Giorgio ITA"]
[Date "2011.08.24"]
[Round "5"]
[White "Bruno, Fabio"]
[Black "Palit, Somak"]
[Result "1/2-1/2"]
[WhiteElo "2466"]
[BlackElo "2372"]
[PlyCount "93"]
[EventDate "2011.08.21"]

1. Nf3 b6 2. d4 Bb7 3. e3 g6 4. c4 Bg7 5. Nc3 e6 6. Bd3 Ne7 7. O-O d6 8. Re1
Nd7 9. e4 O-O 10. Qc2 e5 11. d5 h6 12. b4 a5 13. Ba3 axb4 14. Bxb4 f5 15. a4 f4
16. a5 bxa5 17. Bxa5 Nc5 18. Nb5 Rxa5 19. Rxa5 c6 20. dxc6 Qxa5 21. cxb7 Nxb7
22. Bf1 Kh7 23. Rd1 Nc8 24. Rd3 Qb6 25. Ra3 Bf6 26. Nd2 Nc5 27. Nb1 Rf7 28.
N1c3 Qc6 29. Nd5 Bd8 30. Be2 h5 31. Bf3 Ne6 32. Qa2 Bb6 33. Ra6 Nc5 34. Ra8 Ne7
35. Nxb6 Qxb6 36. Qa7 Qb7 37. Qa2 Qc6 38. h4 Nc8 39. Rxc8 Qxc8 40. Nxd6 Qd7 41.
Nxf7 Qxf7 42. Qa1 Qc7 43. Qd1 Qa5 44. Kh2 Qa2 45. Qd5 Qxf2 46. Qf7+ Kh6 47.
Qf8+ 1/2-1/2

[Event "XXIII Festival A"]
[Site "Porto San Giorgio ITA"]
[Date "2011.08.24"]
[Round "5"]
[White "Cafaro, Luca"]
[Black "Luzi, Alessandro"]
[Result "1/2-1/2"]
[WhiteElo "1774"]
[BlackElo "1920"]
[PlyCount "44"]
[EventDate "2011.08.21"]

1. e4 c6 2. d4 d5 3. Nc3 dxe4 4. Nxe4 Bf5 5. Ng3 Bg6 6. h4 h6 7. Nf3 Nd7 8. Bd3
Bxd3 9. Qxd3 e6 10. Bf4 Qa5+ 11. Qd2 Qxd2+ 12. Kxd2 Ngf6 13. c4 O-O-O 14. Kc2
Ng4 15. Be3 Bd6 16. Ne4 Bc7 17. Nc3 Rhe8 18. Rae1 Bb6 19. Nh2 Ndf6 20. Nxg4
Nxg4 21. Rd1 e5 22. c5 Ba5 1/2-1/2

[Event "XXIII Festival A"]
[Site "Porto San Giorgio ITA"]
[Date "2011.08.24"]
[Round "5"]
[White "Calabrese, Maurizio"]
[Black "Piantieri, Guido"]
[Result "0-1"]
[WhiteElo "1567"]
[BlackElo "1853"]
[PlyCount "98"]
[EventDate "2011.08.21"]

1. d4 f5 2. c4 Nf6 3. Nc3 d5 4. h3 e6 5. e3 c6 6. Nf3 Bd6 7. c5 Bc7 8. Bd3 O-O
9. O-O Bd7 10. Bd2 Be8 11. Be1 Bh5 12. Be2 Nbd7 13. Rc1 Ne4 14. Nh2 Bxe2 15.
Nxe2 Qg5 16. f4 Qh6 17. Ng3 Ndf6 18. Nxe4 Nxe4 19. Nf3 g5 20. Ne5 Bxe5 21. dxe5
Kh8 22. b4 a6 23. Qf3 Rg8 24. g4 gxf4 25. exf4 Qg6 26. g5 Nxg5 27. fxg5 Qxg5+
28. Kh1 Qxc1 29. Bh4 Qh6 30. Bf6+ Rg7 31. Rg1 Rag8 32. a4 Qxf6 33. exf6 Rxg1+
34. Kh2 R8g2+ 35. Qxg2 Rxg2+ 36. Kxg2 Kg8 37. Kf3 Kf7 38. b5 axb5 39. axb5 cxb5
40. Ke3 Kxf6 41. Kd4 f4 42. h4 h5 43. Kc3 Ke5 44. Kb4 f3 45. Kxb5 f2 46. Kb6
f1=Q 47. Kxb7 Qb5+ 48. Kc7 Qxc5+ 49. Kd7 Kf6 0-1

[Event "XXIII Festival A"]
[Site "Porto San Giorgio ITA"]
[Date "2011.08.24"]
[Round "5"]
[White "Calavalle, Giulio"]
[Black "Villani, Cristian"]
[Result "1/2-1/2"]
[WhiteElo "2239"]
[BlackElo "2056"]
[PlyCount "92"]
[EventDate "2011.08.21"]

1. e4 e6 2. Nf3 d5 3. e5 c5 4. b4 b6 5. c3 Nh6 6. a3 Qd7 7. d4 Ba6 8. Nbd2 Bxf1
9. Nxf1 Nf5 10. g4 Ne7 11. Be3 cxd4 12. Nxd4 Nbc6 13. f4 Nxd4 14. Bxd4 Nc6 15.
Ne3 g6 16. Qd3 Be7 17. h4 h5 18. g5 O-O 19. Kf2 Rfc8 20. Rhc1 Rd8 21. Rc2 Qb7
22. Rg1 Rac8 23. Rgc1 b5 24. Nf1 Bf8 25. Ne3 Rc7 26. Qe2 a6 27. Qd1 Nxd4 28.
cxd4 Rdc8 29. Rxc7 Rxc7 30. Rxc7 Qxc7 31. Qc2 Qxc2+ 32. Nxc2 Be7 33. Ke2 Kf8
34. Ne1 Ke8 35. Nd3 Kd7 36. Kd2 Bf8 37. Kc3 Be7 38. Kb3 Bf8 39. a4 Be7 40. Nc5+
Bxc5 41. bxc5 bxa4+ 42. Kxa4 Kc6 43. Kb4 Kc7 44. Ka5 Kb7 45. Ka4 Kc6 46. Kb4
Kc7 1/2-1/2

[Event "XXIII Festival A"]
[Site "Porto San Giorgio ITA"]
[Date "2011.08.24"]
[Round "5"]
[White "Carnicelli, Flavio"]
[Black "Vincenzi, Marco"]
[Result "1/2-1/2"]
[WhiteElo "1904"]
[BlackElo "2108"]
[PlyCount "92"]
[EventDate "2011.08.21"]

1. e4 c5 2. d4 cxd4 3. c3 d3 4. Bxd3 Nc6 5. Nf3 d6 6. h3 Nf6 7. c4 g6 8. Nc3
Bg7 9. O-O O-O 10. Be3 Bd7 11. Rc1 Qa5 12. a3 Rfc8 13. Nd5 Nxd5 14. exd5 Bxb2
15. dxc6 Bxc6 16. Rb1 Qxa3 17. Nd4 Bxd4 18. Bxd4 Qa5 19. f4 e5 20. fxe5 dxe5
21. Be3 Rd8 22. Qc2 e4 23. Be2 Qe5 24. Rf4 Rd7 25. Rbf1 a5 26. Rf6 a4 27. Bg4
Re7 28. Qd2 a3 29. Rd6 f5 30. Be2 a2 31. Rd8+ Rxd8 32. Qxd8+ Re8 33. Qd4 Qxd4
34. Bxd4 Ba4 35. g4 fxg4 36. Bxg4 Bc2 37. Rf2 Bb1 38. Bd1 Re7 39. Ba4 h5 40. c5
Kh7 41. Rf8 Kh6 42. Bf6 g5 43. Be8 e3 44. Kf1 Rc7 45. Ke2 Rxc5 46. Rh8+ Bh7
1/2-1/2

[Event "XXIII Festival A"]
[Site "Porto San Giorgio ITA"]
[Date "2011.08.24"]
[Round "5"]
[White "Carnicelli, Valerio"]
[Black "Faccia, Sergio"]
[Result "1-0"]
[WhiteElo "1898"]
[BlackElo "2078"]
[PlyCount "65"]
[EventDate "2011.08.21"]

1. e4 e5 2. Nf3 Nc6 3. Bc4 Nf6 4. d3 Bc5 5. c3 a5 6. Bb3 O-O 7. Nbd2 d5 8. Qe2
Bg4 9. Nf1 a4 10. Bc2 dxe4 11. dxe4 Nh5 12. h3 Be6 13. Nxe5 Nxe5 14. Qxh5 f6
15. Nd2 Bf7 16. Qe2 Qe8 17. g4 Qc6 18. O-O Rad8 19. Nf3 b5 20. Nxe5 fxe5 21. b3
Be6 22. Be3 Bd6 23. Bd2 h5 24. Kg2 hxg4 25. hxg4 Qe8 26. Rh1 Qg6 27. f3 Be7 28.
Be3 Rf6 29. Rh3 Rdf8 30. Rah1 c6 31. bxa4 bxa4 32. Bd3 Bxa2 33. Qxa2+ 1-0

[Event "XXIII Festival A"]
[Site "Porto San Giorgio ITA"]
[Date "2011.08.24"]
[Round "5"]
[White "Chiarion, Elisa"]
[Black "Caldarola, Stefano"]
[Result "1-0"]
[WhiteElo "1964"]
[BlackElo "1809"]
[PlyCount "48"]
[EventDate "2011.08.21"]

1. e4 d5 2. exd5 Qxd5 3. Nc3 Qd6 4. d4 Nf6 5. Nf3 c6 6. Ne5 Nbd7 7. Nc4 Qc7 8.
g3 Nb6 9. Ne5 g6 10. Bf4 Qd8 11. Qd2 Be6 12. O-O-O Nbd5 13. Nxd5 Nxd5 14. Bh6
Bxh6 15. Qxh6 Qa5 16. a3 O-O-O 17. Bh3 f5 18. Rhe1 Qc7 19. Nf3 Bf7 20. Ng5 Rdf8
21. Re5 Qd6 22. Rde1 Kd8 23. c4 Nf6 24. c5 Qd7 1-0

[Event "XXIII Festival A"]
[Site "Porto San Giorgio ITA"]
[Date "2011.08.24"]
[Round "5"]
[White "Conti, Ferdinando"]
[Black "Di Martino, Antonio"]
[Result "1-0"]
[WhiteElo "1800"]
[BlackElo "1841"]
[PlyCount "108"]
[EventDate "2011.08.21"]

1. Nf3 d5 2. b4 Nf6 3. Bb2 e6 4. b5 Be7 5. e3 O-O 6. Be2 c6 7. a4 a6 8. c4 dxc4
9. Bxc4 Bd7 10. Nc3 Qc7 11. Be2 Rd8 12. O-O Be8 13. Qb3 Nbd7 14. d4 c5 15. d5
exd5 16. Nxd5 Nxd5 17. Qxd5 Nf6 18. Qc4 axb5 19. axb5 b6 20. Be5 Qb7 21. Ng5
Rxa1 22. Bxa1 h6 23. Bxf6 Bxf6 24. Ne4 Be7 25. Bf3 Qd7 26. Be2 Qc7 27. h3 Bd7
28. Rd1 Be6 29. Rxd8+ Qxd8 30. Qc1 Qd5 31. Nd2 Bf6 32. Bc4 Qd6 33. Bxe6 Qxe6
34. Qc4 Qe5 35. Ne4 Qe6 36. Nxf6+ Qxf6 37. Qd5 g6 38. e4 Qe6 39. Qc6 Kf8 40. f4
Qxc6 41. bxc6 Ke7 42. e5 Kd8 43. g4 Kc7 44. f5 Kxc6 45. e6 Kd6 46. exf7 Ke7 47.
fxg6 c4 48. Kf1 b5 49. Ke1 c3 50. Kd1 b4 51. Kc2 Kf8 52. h4 Kg7 53. h5 Kf8 54.
g5 hxg5 1-0

[Event "XXIII Festival A"]
[Site "Porto San Giorgio ITA"]
[Date "2011.08.24"]
[Round "5"]
[White "Cornaggia, Ranieri"]
[Black "Bardone, Lorenzo"]
[Result "1-0"]
[WhiteElo "2079"]
[BlackElo "1775"]
[PlyCount "113"]
[EventDate "2011.08.21"]

1. e4 c5 2. Nf3 e6 3. d4 cxd4 4. Nxd4 Nc6 5. Nc3 Qc7 6. Be3 a6 7. Qd2 Nf6 8. f3
Ne5 9. O-O-O b5 10. g4 Bb4 11. g5 Nxf3 12. Nxf3 Nxe4 13. Qd4 Nxc3 14. bxc3 Bxc3
15. Qd6 Qxd6 16. Rxd6 Bb7 17. Be2 Bd5 18. a3 b4 19. axb4 Bxb4 20. Rb6 a5 21.
Rf1 Ke7 22. Ne5 f6 23. Nd3 Ba3+ 24. Kd2 Rhb8 25. Rxb8 Rxb8 26. Ra1 Bd6 27. Rxa5
Bxh2 28. Ra4 Bd6 29. Rh4 fxg5 30. Rxh7 Kf6 31. Rh5 Bc4 32. Rxg5 Bxd3 33. Bxd3
Rh8 34. Rg6+ Kf7 35. Rg2 Be5 36. Rf2+ Bf6 37. Bf4 Rc8 38. Rf1 Rc5 39. Rb1 Bg5
40. Bxg5 Rxg5 41. Rb7 Ke7 42. Ke3 Rd5 43. Be4 Rd6 44. c4 Kf6 45. c5 Rd1 46. Bd3
Rc1 47. Kd4 Ke7 48. Be4 Kf6 49. Rxd7 Rd1+ 50. Bd3 e5+ 51. Ke3 Rc1 52. Rc7 Ke6
53. Kd2 Rg1 54. Bc4+ Kf6 55. Rf7+ Kg5 56. c6 Rg4 57. Kc3 1-0

[Event "XXIII Festival A"]
[Site "Porto San Giorgio ITA"]
[Date "2011.08.24"]
[Round "5"]
[White "Crafa, Carmine"]
[Black "Burani, Eugenio"]
[Result "0-1"]
[WhiteElo "1805"]
[BlackElo "1943"]
[PlyCount "76"]
[EventDate "2011.08.21"]

1. e4 c5 2. Nf3 Nf6 3. Nc3 Nc6 4. d4 cxd4 5. Nxd4 e5 6. Ndb5 d6 7. Bg5 a6 8.
Na3 b5 9. Nd5 Be7 10. Bxf6 Bxf6 11. c3 Bg5 12. Nc2 O-O 13. a4 bxa4 14. Rxa4 Bb7
15. Be2 Ne7 16. Nce3 Bxe3 17. Nxe3 Bc6 18. Rxa6 Rxa6 19. Bxa6 Bxe4 20. Bd3 Bxd3
21. Qxd3 Ng6 22. Nd5 Qg5 23. O-O f5 24. Qf3 Qd2 25. b4 e4 26. Qd1 Qg5 27. Ne3
Kh8 28. Qxd6 f4 29. Qd5 Ne5 30. Qc5 Nf3+ 31. Kh1 Qxc5 32. bxc5 Nd2 33. Rd1 fxe3
34. fxe3 Nc4 35. Kg1 g6 36. c6 Nxe3 37. Re1 Nd5 38. Rd1 Nxc3 0-1

[Event "XXIII Festival A"]
[Site "Porto San Giorgio ITA"]
[Date "2011.08.24"]
[Round "5"]
[White "Cristiani, Cesare"]
[Black "Tazzioli, Luca"]
[Result "1-0"]
[WhiteElo "2158"]
[BlackElo "1838"]
[PlyCount "53"]
[EventDate "2011.08.21"]

1. d4 d5 2. c4 e6 3. Nf3 Nf6 4. Nc3 Be7 5. e3 O-O 6. Be2 b6 7. Ne5 Bb7 8. Bf3
Nbd7 9. Nxd7 Qxd7 10. O-O c5 11. cxd5 exd5 12. dxc5 bxc5 13. b3 Rab8 14. Bb2
Ba6 15. Re1 Rfd8 16. Ne2 d4 17. exd4 cxd4 18. Nxd4 Bb4 19. Nc6 Bxe1 20. Qxd7
Nxd7 21. Nxd8 Bxf2+ 22. Kxf2 Rxd8 23. Rd1 h6 24. Ba3 Bb5 25. Bg4 h5 26. Bh3 g6
27. Be7 1-0

[Event "XXIII Festival A"]
[Site "Porto San Giorgio ITA"]
[Date "2011.08.24"]
[Round "5"]
[White "D'Aquino, Ugo"]
[Black "Mastroddi, Emiliano"]
[Result "0-1"]
[WhiteElo "1925"]
[BlackElo "2083"]
[PlyCount "47"]
[EventDate "2011.08.21"]

1. e4 c5 2. Nf3 d6 3. d4 cxd4 4. Nxd4 Nf6 5. Nc3 g6 6. Bg5 Bg7 7. Bb5+ Bd7 8.
Qe2 O-O 9. O-O-O a6 10. Bxd7 Nbxd7 11. f4 Qa5 12. Nb3 Qc7 13. Rhe1 h6 14. Bh4
Nb6 15. Bxf6 Bxf6 16. Nd5 Nxd5 17. exd5 Rac8 18. f5 g5 19. Rd3 a5 20. Rd2 a4
21. Nd4 a3 22. bxa3 Qc3 23. Nb3 Qb2+ 24. Kd1 0-1

[Event "XXIII Festival A"]
[Site "Porto San Giorgio ITA"]
[Date "2011.08.24"]
[Round "5"]
[White "De Carlo, Fabio"]
[Black "Cipollaro, Giovanni"]
[Result "1/2-1/2"]
[WhiteElo "2044"]
[BlackElo "1866"]
[PlyCount "70"]
[EventDate "2011.08.21"]

1. e4 Nf6 2. e5 Nd5 3. d4 d6 4. c4 Nb6 5. exd6 exd6 6. Nc3 Be7 7. Be3 O-O 8.
Qd2 Nc6 9. Nf3 Bg4 10. O-O-O f5 11. Kb1 Qd7 12. Ka1 Bf6 13. Be2 Kh8 14. c5 dxc5
15. dxc5 Qxd2 16. Bxd2 Nd7 17. Nd5 Nxc5 18. Nxc7 Rad8 19. Be3 Na4 20. Bc1 Rxd1
21. Bxd1 Nb6 22. Ne6 Re8 23. Nc5 Re7 24. Bg5 Bxg5 25. Nxg5 Bxd1 26. Rxd1 h6 27.
Nge6 Na4 28. Nf4 Nxc5 29. Ng6+ Kh7 30. Nxe7 Nxe7 31. b4 Ne4 32. Rd7 Nc8 33. f3
Ned6 34. Kb2 Kg6 35. Kc3 Nb5+ 1/2-1/2

[Event "XXIII Festival A"]
[Site "Porto San Giorgio ITA"]
[Date "2011.08.24"]
[Round "5"]
[White "Del Nevo, Claudio"]
[Black "Di Muccio, Lindoro"]
[Result "1-0"]
[WhiteElo "1831"]
[BlackElo "1964"]
[PlyCount "99"]
[EventDate "2011.08.21"]

1. d4 Nf6 2. Bg5 d5 3. Bxf6 gxf6 4. Nf3 Bf5 5. e3 Nc6 6. c3 e6 7. Bb5 Qd7 8.
Qa4 a6 9. Nbd2 O-O-O 10. Bxc6 Qxc6 11. Qxc6 bxc6 12. Ke2 h5 13. Nh4 Bh7 14. h3
c5 15. g4 c4 16. e4 c6 17. f3 Be7 18. Ng2 e5 19. Ne3 exd4 20. cxd4 dxe4 21. Nf5
Bxf5 22. gxf5 Rxd4 23. Nxe4 Kc7 24. Rhd1 c5 25. Rxd4 cxd4 26. Rc1 Rg8 27. Rxc4+
Kb6 28. Rxd4 Rg2+ 29. Ke3 Rxb2 30. Rd7 Bc5+ 31. Nxc5 Kxc5 32. Rxf7 Rb6 33. Re7
Kd5 34. Kf4 a5 35. Kg3 Rb4 36. Re6 h4+ 37. Kf2 Rb2+ 38. Re2 Rxe2+ 39. Kxe2 Kc4
40. Kd2 a4 41. Kc2 a3 42. f4 Kd4 43. Kb3 Ke3 44. Kxa3 Kxf4 45. Kb4 Kg3 46. a4
Kxh3 47. a5 Kg2 48. a6 h3 49. a7 h2 50. a8=Q+ 1-0